000 01453nab a22002417a 4500
999 _c5387
_d5387
003 OSt
005 20250310093756.0
008 190604e xxu||||| |||| 00| 0 spa d
040 _cPJ
100 _95368
_aGómez, Julio Luis
245 1 3 _aEl reconocimiento de la persona por nacer /
_cJulio Luis Gómez.
260 _aCiudad Autónoma de Buenos Aires :
_bThomson Reuters La Ley,
_c2025.
300 _ap. 73-80
500 _aCita Online: TR LALEY AR/DOC/2769/2024.
505 _aSumario: I. Antecedentes. Su fundamento.— II. Ámbito de operatividad.— III. El reconociente.— IV. El reconocido.— V. Formas del reconocimiento.— VI. Quid de la acreditación del embarazo de la madre como requisito para la inscripción del reconocimiento.— VII. Notificación del reconocimiento.— VIII. Efectos.— IX. Reconocimiento de la persona por nacer y nacimiento como hijo matrimonial.— X. Nulidad e impugnación del reconocimiento de la persona por nacer.— XI. El nacimiento sin vida del reconocido.
505 _t¿Te interesa el texto completo? Solicitalo al correo: koha@justierradelfuego.gov.ar
650 0 _94383
_aPERSONAS POR NACER
650 0 _91004
_aFILIACION
650 0 _96358
_aRECONOCIMIENTO DE HIJO EXTRAMATRIMONIAL
650 0 _94897
_aEMBARAZO
773 0 _02714
_93171
_dCiudad Autónoma de Buenos Aires : Thomson Reuters La Ley, 2014-
_tRevista anales de legislación argentina. Nº 3 - Marzo 2025.
942 _2udc
_cANA